Pokrízový vývoj hospodárskeho rastu SR
Problematika ekonomickej výkonnosti SR v podmienkach hospodárskej krízy. Predpokladaný budúci vývoj ekonomického rastu na základe prognózy verejných inštitúcií a modelových dát. Komparácia výsledkov oproti trendu z predkrízového obdobia. Výzvy a hrozby tejto prognózy.
Salvato in:
| Autore principale: | |
|---|---|
| Natura: | Capitolo di libro |
| Lingua: | slovacco |
| Soggetti: | |
| Tags: |
Nessun Tag, puoi essere il primo ad aggiungerne!!
|
MARC
| LEADER | 00000nla$a2200000$$$4500 | ||
|---|---|---|---|
| 001 | 0122763 | ||
| 005 | 20240702112235.0 | ||
| 041 | 0 | |a slo | |
| 044 | |a CZ | ||
| 245 | 1 | 0 | |a Pokrízový vývoj hospodárskeho rastu SR |c Karol Trnovský |
| 520 | |a Problematika ekonomickej výkonnosti SR v podmienkach hospodárskej krízy. Predpokladaný budúci vývoj ekonomického rastu na základe prognózy verejných inštitúcií a modelových dát. Komparácia výsledkov oproti trendu z predkrízového obdobia. Výzvy a hrozby tejto prognózy. | ||
| 610 | 2 | 0 | |a rast hospodársky |
| 610 | 2 | 0 | |a tempo rastu hospodárskeho |
| 610 | 2 | 0 | |a situácia hospodárska |
| 610 | 2 | 0 | |a prognózy |
| 610 | 2 | 0 | |a modelovanie |
| 610 | 2 | 0 | |a výkonnosť ekonomiky |
| 610 | 2 | 0 | |a Slovensko |
| 610 | 2 | 0 | |a kríza hospodárska |
| 100 | 1 | |a Trnovský, Karol, 1983- | |